000
00328nam a2200145Ia 4500
005
20251222152719.0
008
251222s9999||||xx |||||||||||||| ||spa||
020
_a
8420619272
082
_a
861.37/D35
100
_a
De Gongora, Luis
245
0
_a
Soledades
250
_a
1ra.ed.
264
_b
Alianza Editorial
942
_c
LIB
999
_c
29507
_d
29507